000 00873nas a2200277 4500
001 BR2013007200
003 BR-BrBNA
005 20231205122937.0
007 ta
008 230509b bl.|||p| |||| 00| 00por d
040 _aBR-BrBNA
_bpor
_cBiblioteca Nacional de Agricultura
041 _a(En)
072 _aQ03; Q02
100 1 _aGarda-Buffon, J.
100 1 _aKupski, L.
100 1 _aBadiale-Furlong, E.
245 1 _aDeoxynivalenol (DON)degradation and peroxidase enzyme activity in submerged fermentation
650 _aENZIMA
650 _aFERMENTAÇÃO
650 _aMICOTOXINA
650 _aFUNGO
773 0 _tCiência e Tecnologia de Alimentos (Brazil)
_xISSN 1678-457X
_g(Jan-Mar 2011), v. 31(1) p. 198-203
_wBR2013007200
856 4 0 _uhttp://www.scielo.br/pdf/cta/v31n1/30.pdf
909 _a202311
_bLúcia
_c55
_dLúcia Elande
942 _2AGRIS
_n0
_cANA
999 _c231381
_d231381